The Ten Most Recent... Quiz Stats

Quiz Updated Mar 5, 2018

Also try: The First Ten...
Challenge
Share
Tweet
Embed
Score 0/100 Timer 10:00
1 Play Today
% Correct
George W. Bush
98.5%
George H.W. Bush
98.5%
Barack Obama
98.2%
Donald Trump
96.9%
Bill Clinton
96.6%
Ronald Reagan
90.8%
Hawaii
89.4%
Richard Nixon
89.1%
Alaska
88.9%
Derrick Henry
86.9%
Jimmy Carter
84.5%
Gerald Ford
80.3%
Beijing
78.3%
Lyndon B. Johnson
76.8%
New Mexico
75.6%
Arizona
71.4%
Atlanta
70.8%
Washington
70.2%
Tony Blair
69.4%
Athens
67.7%
Sydney
65.8%
Montana
64.6%
FC Barcelona
62.6%
Utah
62.2%
Real Madrid
62.1%
Idaho
61.8%
Margaret Thatcher
61.2%
FC Barcelona
61.1%
Barcelona
60.8%
Wyoming
59.1%
Real Madrid
57.4%
Manchester United
53.2%
Los Angeles
52.6%
Gordon Brown
51%
% Correct
Oklahoma
49.6%
London
49.5%
Chelsea FC
47.2%
Meryl Streep
43.7%
David Cameron
43.5%
Moscow
40.7%
Seoul
39.5%
FC Barcelona
35.5%
The King's Speech
35.4%
Bayern Munich
34.1%
The Hurt Locker
32.5%
The Princess and the Frog
31.8%
Tim Tebow
31.6%
AC Milan
30.4%
The Artist
30.3%
Spotlight
29.2%
Cam Newton
28.2%
Colin Firth
28.2%
Rio de Janeiro
26.7%
John Major
26.5%
Tangled
24.5%
12 Years A Slave
24.4%
Lamar Jackson
24.2%
Argo
22.8%
Slumdog Millionaire
22.4%
Mark Ingram
22.2%
Inter Milan
21.8%
Sandra Bullock
21.8%
Natalie Portman
20.4%
Johnny Manziel
20.4%
Marcus Mariota
20.2%
The Shape of Water
20.2%
Kate Winslet
20%
Matthew McConaughey
19.7%
% Correct
Sam Bradford
19.6%
Sean Penn
19.4%
Jennifer Lawrence
18.7%
Birdman
18%
Gary Oldman
17.8%
Moonlight
17.2%
Jeff Bridges
16.8%
Leonardo DiCaprio
16.8%
Jameis Winston
16.5%
Daniel Day-Lewis
16.5%
Frozen
16.2%
Big Hero 6
14.8%
Julianne Moore
14.7%
Emma Stone
14.2%
Harold Wilson
13.8%
Harold Wilson
13.8%
Brie Larson
13.1%
Eddie Redmayne
12.3%
Cate Blanchett
11.9%
Edward Heath
11.6%
Robert Griffin III
11.5%
Jean Dujardin
10.4%
Bolt
9.6%
Wreck-It Ralph
9.2%
Casey Affleck
9%
James Callaghan
8.3%
Frances McDormand
7.4%
Theresa May
7%
Winnie the Pooh
5.7%
Zootopia
5.7%
Moana
4.8%
Meet the Robinsons
4.5%

You're not logged in!

Compare scores with friends on all Sporcle quizzes.
Sign Up with Email
OR
Log In

You Might Also Like...

Show Comments

Extras

Top Quizzes Today


Score Distribution

Your Account Isn't Verified!

In order to create a playlist on Sporcle, you need to verify the email address you used during registration. Go to your Sporcle Settings to finish the process.

Report this User

Report this user for behavior that violates our Community Guidelines.

Details: